00825cam a22002411 4500001001300000003000400013005001700017008004100034010001700075035001900092040001800111042001200129050001900141100003700160245005600197250005600253260004200309300006100351490005800412650004100470810005500511999001700566gs 48000278 DLC20260227111354.0751003s1947 mx bd 000 0 eng  ags 48000278  a(OCoLC)1675655 aDLCcFMUdDLC apremarc00aTN28b.G6 19472 aGonzález Reyna, Jenaro,d1905-10aRiqueza minera y yacimientos minerales de México. a2. edbde "Mineriá y requeza minera de México." a[México,bBanco de México]c1947. axxiii, 447 p.b15 fold. maps, tables (part fold)c24 cm.0 aMonografias industriales del Banco de México, s. a. 0aMines and mineral resourceszMexico.1 aBanco de México, s. a.bMonografias industriales c28294d28294